01202cam a2200313 a 4500001000500000005001700005020002000022040002300042050002200065082001000087100001900097245007500116250005700191260003600248300005900284505000800343520014400351521002300495521002000518650003100538650002800569650002400597650003200621700003400653906004500687942001500732999001500747952012600762378420240507140904.0 a0439135265 (pb) aDLCcDLCdDLCbeng00aPZ7.B828755b200100a813.61 aBruss, Deborah10aBook! book! book! /cby Deborah Bruss ; illustrated by Tiphanie Beeke. aFirst Scholastic paperback printing , November 2001 aNew York :bScholastic ; c2001 a30 unnumbered pages : bcolor illustrations ; c26 cm. aH  aWhen the children go back to school, the animals on the farm are bored, so they go into the library in town trying to find something to do. a440 bLexile AD  aH bRaz-Plus  1aDomestic animalsvFiction. 1aAnimal soundsvFiction. 1aLibrariesvFiction. 1aBooks and readingvFiction.1 aBeeke, Tiphanieeillustrator  a7bcbccorignewd1eocipf19gy-gencatlg 2ddccBKn0 c3784d3784 00102ddc40708JUVFa001b001cTTPd2024-05-07l0oBRU 813.6 PZ10.G153pFISTK02067r2024-05-07 14:08:58w2024-05-07yBK